<?xml version="1.0" encoding="UTF-8"?><?xml-stylesheet type="text/xsl" href="static/style.xsl"?><OAI-PMH xmlns="http://www.openarchives.org/OAI/2.0/" xmlns:xsi="http://www.w3.org/2001/XMLSchema-instance" xsi:schemaLocation="http://www.openarchives.org/OAI/2.0/ http://www.openarchives.org/OAI/2.0/OAI-PMH.xsd"><responseDate>2026-04-17T01:53:31Z</responseDate><request verb="GetRecord" identifier="oai:www.recercat.cat:2117/444167" metadataPrefix="marc">https://recercat.cat/oai/request</request><GetRecord><record><header><identifier>oai:recercat.cat:2117/444167</identifier><datestamp>2026-01-29T04:07:41Z</datestamp><setSpec>com_2072_1033</setSpec><setSpec>col_2072_452950</setSpec></header><metadata><record xmlns="http://www.loc.gov/MARC21/slim" xmlns:dcterms="http://purl.org/dc/terms/" xmlns:xsi="http://www.w3.org/2001/XMLSchema-instance" xmlns:doc="http://www.lyncode.com/xoai" xsi:schemaLocation="http://www.loc.gov/MARC21/slim http://www.loc.gov/standards/marcxml/schema/MARC21slim.xsd">
   <leader>00925njm 22002777a 4500</leader>
   <datafield ind2=" " ind1=" " tag="042">
      <subfield code="a">dc</subfield>
   </datafield>
   <datafield ind2=" " ind1=" " tag="720">
      <subfield code="a">Alcayna, Tilly</subfield>
      <subfield code="e">author</subfield>
   </datafield>
   <datafield ind2=" " ind1=" " tag="720">
      <subfield code="a">Rao, V Bhargavi</subfield>
      <subfield code="e">author</subfield>
   </datafield>
   <datafield ind2=" " ind1=" " tag="720">
      <subfield code="a">Lowe, Rachel</subfield>
      <subfield code="e">author</subfield>
   </datafield>
   <datafield ind2=" " ind1=" " tag="260">
      <subfield code="c">2025-08-01</subfield>
   </datafield>
   <datafield ind2=" " ind1=" " tag="520">
      <subfield code="a">Infectious diseases pose a substantial threat to public health, affecting billions and straining health-care systems worldwide. There is growing concern over how anthropogenic climate change might aggravate the global burden of climate-sensitive infectious diseases. In this Personal View, we propose a framework for understanding what makes an infectious disease climate-sensitive. Drawing on existing literature, we identify three key characteristics of climate-sensitive diseases—seasonality, geographical boundaries, and interannual variation linked to climate phenomena. We define climate sensitivity as the responsiveness of pathogen, host, and disease vector traits (a measurable feature of an organism that affects its fitness) to changes in climate, regardless of whether these changes arise from natural variability or anthropogenic forcing of the climate. We discuss how infectious diseases show different degrees of climate sensitivity (from high to low), with the recognition that classifications of infectious diseases might evolve as new research emerges. We review evidence from ecological and modelling studies showing the non-linear and delayed effects of climate variability and change on pathogen, vector, and host traits, highlighting the importance of both climatic and non-climatic factors, such as population immunity, globalisation, and poverty, in identifying disease distribution and driving transmission patterns. We highlight that infectious disease transmission risk is inextricably linked to planetary health issues. Finally, we discuss how leveraging this understanding can enhance infectious disease outbreak prevention, preparedness, and response through the development of climate services for health, including early warning systems, thereby improving climate change adaptation strategies and health system resilience.</subfield>
   </datafield>
   <datafield ind2=" " ind1=" " tag="520">
      <subfield code="a">We acknowledge support from the Wellcome Trust under grant number 226069/Z/22/Z (IDExtremes) and from the European Union's Horizon Europe programme under Grant Agreement 101057554 (IDAlert). RL was supported by a Royal Society Dorothy Hodgkin Fellowship.</subfield>
   </datafield>
   <datafield ind2=" " ind1=" " tag="520">
      <subfield code="a">Peer Reviewed</subfield>
   </datafield>
   <datafield ind2=" " ind1=" " tag="520">
      <subfield code="a">Postprint (published version)</subfield>
   </datafield>
   <datafield tag="653" ind2=" " ind1=" ">
      <subfield code="a">Àrees temàtiques de la UPC::Ciències de la salut::Medicina::Medicina comunitària i salut pública</subfield>
   </datafield>
   <datafield tag="653" ind2=" " ind1=" ">
      <subfield code="a">Àrees temàtiques de la UPC::Enginyeria agroalimentària::Ciències de la terra i de la vida::Climatologia i meteorologia</subfield>
   </datafield>
   <datafield tag="653" ind2=" " ind1=" ">
      <subfield code="a">Infectious diseases</subfield>
   </datafield>
   <datafield tag="653" ind2=" " ind1=" ">
      <subfield code="a">Public health</subfield>
   </datafield>
   <datafield tag="653" ind2=" " ind1=" ">
      <subfield code="a">Environmentally mediated diseases</subfield>
   </datafield>
   <datafield ind2="0" ind1="0" tag="245">
      <subfield code="a">Identifying the climate sensitivity of infectious diseases: a conceptual framework</subfield>
   </datafield>
</record></metadata></record></GetRecord></OAI-PMH>